Online Catalogue and eLibrary

Seminar on law enforcement agencies and their role in the implementation of the international bill of human rights (Record no. 2495)

MARC details
000 -LEADER
fixed length control field 00479nam a2200157Ia 4500
005 - DATE AND TIME OF LATEST TRANSACTION
control field 20240416062324.0
008 - FIXED-LENGTH DATA ELEMENTS--GENERAL INFORMATION
fixed length control field 240331s9999 xx 000 0 und d
082 ## - DDC Classification
Item Number - Author Mark SRI
Class No. 323.4
100 ## - MAIN ENTRY--PERSONAL NAME
Personal name Srilanka foundation
245 #0 - TITLE STATEMENT
Title Seminar on law enforcement agencies and their role in the implementation of the international bill of human rights
260 ## - PUBLICATION, DISTRIBUTION, ETC.
Place of publication, distribution, etc. Colombo :
Name of publisher, distributor, etc. Sri Lanka Foundation /
Date of publication, distribution, etc. 1987.
300 ## - PHYSICAL DESCRIPTION
Extent (e.g. Volumes, Pages etc.) 142 p .,
650 ## - SUBJECT ADDED ENTRY--TOPICAL TERM
Topical term or geographic name entry element Human Rights
650 ## - SUBJECT ADDED ENTRY--TOPICAL TERM
Topical term or geographic name entry element Law.
942 ## - Koha item type (Biblio)
Koha item type Books in Stacks (Lending)
Holdings
Lost status Damaged status Collection code Home library Current library Shelving location Date acquired Full call number Accession Number Item type
    Lending WERC Library WERC Library Social Science Cupboard 03/31/2024 323.4 SRI 1706 Books in Stacks (Lending)

© WERC Library